| 000 | 00679nam a22002057a 4500 | ||
|---|---|---|---|
| 005 | 20100813140816.0 | ||
| 010 | _aENG-99891 | ||
| 020 |
_a9788190747837 _c150.00 |
||
| 035 | _a83423 | ||
| 037 | _bDBAD/PUB | ||
| 082 | _a485 | ||
| 100 |
_aAnitha Premila Purani, M. _912643 |
||
| 245 |
_aDay to day english / _cby M.Anitha Premila Purani |
||
| 260 |
_aChennai _bNeela Noolagam _c2008 |
||
| 270 |
_a47, Nallthambi Street, Triplicane _bChennai _e600005 |
||
| 300 |
_a97p. _c21cm (pbk) |
||
| 650 |
_aEnglish grammar _912644 |
||
| 942 |
_2ddc _cEN _h485 _mSAR |
||
| 999 |
_c41624 _d41624 |
||